Gua̕ de intervencion judicial sobre violencia de gňero

Detalles Bibliográficos
Autor principal: Nieto Morales, Concepcin̤
Otros Autores: Caldern̤ Lozano, Amalia, Domn̕guez Castellano, Ft̀ima, Torres Reviriego, Mara̕ del Rosario
Formato: eBook
Lenguaje:español
Publicado: Madrid: Dykinson, 2016
Materias:
Acceso en línea:Acceso restringido

MARC

LEADER 00000nam a22000007a 4500
005 2016120400270.0
007 cr|||| ||||
008 161204s2016 es |||||s|||| 00||0 spa d
020 |a 978-84-9085-400-6 
035 |a 14580 
040 |a vLex 
090 |c 6419  |d 6419 
100 1 |a Nieto Morales, Concepcin̤ 
245 1 0 |a Gua̕ de intervencion judicial sobre violencia de gňero  |h [Recurso electrn̤ico] /  |c Concepcin̤ Nieto Morales, Amalia Caldern̤ Lozano, Ft̀ima Domn̕guez Castellano, Mara̕ del Rosario Torres Reviriego 
256 |a Servicio en ln̕ea 
260 |a Madrid:  |b Dykinson,  |c 2016 
300 |a 1 recurso electrn̤ico 
506 1 |a Disponible solo en los productos indicados  |d vLex Global  |d vLex Global (Academic Edition, excluding Law Schools)  |d vLex Global (U.S. Academic Edition, Law Schools)  |d vLex Global (U.S. Academic Edition, excluding Law Schools)  |d vLex Global (Academic Edition, Law Schools) 
650 0 4 |a Derecho Penal  |z Espaą 
650 0 4 |a Procedimiento Penal  |z Espaą 
700 1 |a Caldern̤ Lozano, Amalia 
700 1 |a Domn̕guez Castellano, Ft̀ima 
700 1 |a Torres Reviriego, Mara̕ del Rosario 
740 0 |a vLex Libros (Servicio en ln̕ea) 
856 4 0 |u http://vlex.com/source/guia-intervencion-judicial-violencia-genero-14580  |z Acceso restringido 
942 |c BOOK 
999 0 |a Criminal Law 
999 0 |a Criminal Procedure